| 000 | 00787cab a2200229 4500 | ||
|---|---|---|---|
| 001 | WB2746-16 | ||
| 008 | 090401t1991 xxu||||| |||| 00| 0 eng d | ||
| 035 | _a(Sirsi) u50346 | ||
| 041 | _aeng | ||
| 245 | _aSatisfaction with housing associations | ||
| 260 | _c1991 | ||
| 350 | _a0 | ||
| 490 |
_aDoE News Release _v(729) 26 November 1991 (2) |
||
| 520 | _aMarket research commissioned by the DoE finds that a high proportion of housing association tenants are satisfied with their homes, the friendliness of staff, speed with which repairs are carried out and the level of rents. | ||
| 650 | _aHOUSING ASSOCIATIONS | ||
| 650 | _aMARKET RESEARCH | ||
| 650 | _aREPAIRS | ||
| 650 | _aTENANTS ATTITUDES | ||
| 690 |
_aBlock management _96220 |
||
| 942 | _n0 | ||
| 948 | _c04/03/1997 | ||
| 999 |
_c31419 _d31419 |
||